Acquisition and performance of sports skills (Record no. 361243)

MARC details
000 -LEADER
fixed length control field 00683nam a2200217Ia 4500
008 - FIXED-LENGTH DATA ELEMENTS--GENERAL INFORMATION
fixed length control field 191130s2004##################000#0#eng##
020 ## - INTERNATIONAL STANDARD BOOK NUMBER
ISBN 9780470849958
082 ## - DEWEY DECIMAL CLASSIFICATION NUMBER
Classification number 796.01 Mcm
100 ## - MAIN ENTRY--AUTHOR NAME
Personal name Mcm.orris, Terry
245 ## - TITLE STATEMENT
Title Acquisition and performance of sports skills
Statement of responsibility, etc Terry Mcm.orris
260 ## - PUBLICATION, DISTRIBUTION, ETC. (IMPRINT)
Place of publication Hoboken, N.J
Name of publisher J. Wiley & Sons
Year of publication c2004
300 ## - PHYSICAL DESCRIPTION
Number of Pages xvi, 300 p. : ill. ; 25 cm
500 ## - GENERAL NOTE
General note Includes bibliographical references (p. [287]-292) and index
650 ## - SUBJECT ADDED ENTRY--TOPICAL TERM
Topical Term Athletic ability
Topical Term Sports - Psychological aspects
Topical Term Sports sciences
991 ## -
-- 330986
Holdings
Withdrawn status Lost status Damaged status Not for loan Home library Current library Shelving location Date acquired Full call number Accession Number Price effective from Koha item type
        Anna Centenary Library Anna Centenary Library 6TH FLOOR, B WING 17.10.2020 796.01 Mcm 130201 17.10.2020 English Books

Find us on the map